| 000 | 00725na a2200253 4500 | ||
|---|---|---|---|
| 001 | 22043 | ||
| 003 | MIRAKIL | ||
| 005 | 20181213154746.0 | ||
| 008 | 170210b tu 000 0 | ||
| 035 | _a13256 | ||
| 040 |
_aMilas _btur _cTR-AnCHP |
||
| 041 | _atur | ||
| 082 |
_a949.609435 _bP33b 2015 |
||
| 090 | _a949.609435 P33b 2015 | ||
| 100 | _aPehlivanoğlu, Özcan | ||
| 245 |
_aBalkanlar'da Türk izleri _cÖzcan Pehlivanoğlu |
||
| 260 |
_a[İstanbul] _bRUBASAM _c2015 |
||
| 300 |
_a40 s. _bhrt. _c21 sm. |
||
| 504 | _aKaynakça var. | ||
| 650 |
_aBulgaristan _xTürkler _yTarih |
||
| 650 |
_aGöç _xBalkanlar _yTürkler |
||
| 830 | _aRumeli Balkan Stratejik Araştırmalar Merkezi Yayınları | ||
| 942 |
_2dcc _cBKS |
||
| 999 |
_c365 _d365 |
||